000 00854nam a2200217Ia 4500
001 Para_10109
008 220602s9999 xx 000 0 und d
090 _aPA CD - TESIS 188
100 _aCaltempa Agüero, Víctor
_9125624
245 _aControl químico de malezas en frijol ejotero (Phaseolus vulgaris L.) / Víctor Caltempa Agüero; Director Guillermo Mondragón Pedrero
260 _aChapingo, Méx.: el autor
300 _a1 CDS ROM (44 p.)
502 _aTesis (Ing. Agr. Esp. en Parasitología Agrícola). UACh. Departamento Parasitología Agrícola
700 _aMondragón Pedrero, Guillermo. Director
_9175139
710 _aUACh. Departamento Parasitología AgrícolaÌ
_9185010
901 _aPA CD - TESIS 188
902 _aM
905 _a513220sEPTIEMBRE,2012 N 8100000000 06
942 _c2
999 _c217265
_d217265